| Record ID | marc_loc_2016/BooksAll.2016.part23.utf8:161389286:882 |
| Source | Library of Congress |
| Download Link | /show-records/marc_loc_2016/BooksAll.2016.part23.utf8:161389286:882?format=raw |
LEADER: 00882cam a2200265 a 4500
001 94074993
003 DLC
005 19951205075642.6
008 941216s1995 wiu b 000 0 eng
010 $a 94074993
020 $a0810005433
040 $aDLC$cDLC$dDLC
043 $an-us---
050 00 $aBX8061.W6$bB78 1995
082 00 $a284.1/34$220
100 1 $aBrug, John F.
245 10 $aWELS and other Lutherans :$bLutheran Church bodies in the USA /$cJohn F. Brug, Edward C. Fredrich II, Armin W. Schuetze.
260 $aMilwaukee, Wis. :$bNorthwestern Pub. House,$c1995.
300 $a104 p. ;$c21 cm.
504 $aIncludes bibliographical references.
610 20 $aWisconsin Evangelical Lutheran Synod$xHistory.
650 0 $aLutheran Church$zUnited States$xHistory.
651 0 $aUnited States$xChurch history.
700 1 $aFredrich, Edward C.
700 1 $aSchuetze, Armin W.